Statistics for Golden State Warriors Championship Teams

Click here to take the quiz!

General Stats

  • This quiz has been taken 95 times
    (43 since last reset)
  • The average score is 37 of 62

Answer Stats

Season(s)NoPosPlayer% Correct
201530PGStephen Curry
100%
201730PGStephen Curry
100%
202230PGStephen Curry
100%
201830PGStephen Curry
100%
202211SGKlay Thompson
98%
201811SGKlay Thompson
98%
201711SGKlay Thompson
98%
201511SGKlay Thompson
98%
201523PFDraymond Green
93%
201723PFDraymond Green
93%
202223PFDraymond Green
93%
201823PFDraymond Green
93%
202222SFAndrew Wiggins
88%
201735SFKevin Durant
88%
201835SFKevin Durant
88%
20229SFAndre Iguodala
85%
20179SFAndre Iguodala
85%
20159SFAndre Iguodala
85%
20189SFAndre Iguodala
85%
201540SFHarrison Barnes
80%
20185CKevon Looney
80%
20175CKevon Looney
80%
20225CKevon Looney
80%
20223SGJordan Poole
78%
201722SFMatt Barnes
78%
201512CAndrew Bogut
75%
201534PGShaun Livingston
70%
201834PGShaun Livingston
70%
201734PGShaun Livingston
70%
20220PGGary Payton II
63%
201727CZaza Pachulia
63%
201827CZaza Pachulia
63%
20220PFJonathan Kuminga
58%
20221SFDamion Lee
55%
201510PFDavid Lee
55%
202233CJames Wiseman
55%
20224SGMoses Moody
55%
20181CJaVale McGee
53%
20171CJaVale McGee
53%
202295PFJuan Toscano-Anderson
45%
201815CDamian Jones
43%
201715CDamian Jones
43%
20173PFDavid West
40%
20183PFDavid West
40%
202232SFOtto Porter Jr.
40%
201519SGLeandro Barbosa
38%
20155CMarreese Speights
33%
201531CFestus Ezeli
30%
201720PFJames Michael McAdoo
28%
201520PFJames Michael McAdoo
28%
20184PGQuinn Cook
28%
20228PFNemanja Bjelica
25%
20186SGNick Young
23%
20180SGPatrick McCaw
23%
20170SGPatrick McCaw
23%
201721SGIan Clark
18%
20157SGJustin Holiday
18%
20151COgnjen Kuzmic
18%
20154SGBrandon Rush
15%
20182PFJordan Bell
15%
201818SFOmri Casspi
13%
201825CChris Boucher
10%

Score Distribution

Percentile by Number Answered

Percent of People with Each Score

Your Score History

You have not taken this quiz since the last reset